000 00581nam a22001935i 4500
001 172338
003 ES-MaACL
005 20230906214858.0
008 090625s1999 sp |||| | spa d
080 _a316.62"19"
100 1 _aRojas Marcos, Luis.
_999074
245 1 0 _aAprender a vivir /
_cLuis Rojas Marcos.
260 _aBarcelona :
_bFundación "La Caixa",
_c1999.
300 _a31 p. ;
_c21 cm.
650 1 4 _aIndividuo y sociedad-
_yS.XX.
_9179873
710 2 _aFundació "la Caixa"
_9173255
852 _aES-MaACL
_j2252-F-3
_9R.144877
999 _c172338
_d172338